Internet connections : (Record no. 7332)
[ view plain ]
| 000 -LEADER | |
|---|---|
| fixed length control field | 00806cam a2200193 a 4500 |
| 020 ## - INTERNATIONAL STANDARD BOOK NUMBER | |
| ISBN | 0838976778 (alk. paper) |
| 020 ## - INTERNATIONAL STANDARD BOOK NUMBER | |
| ISBN | 9780838976777 |
| 050 00 - CALL NUMBER | |
| Classification number | Z674.82.I59 |
| Item number | .In8 |
| 100 ## - AUTHOR | |
| Personal name | Engle, Mary |
| 245 00 - TITLE | |
| Title | Internet connections : |
| Remainder of title | a librarian's guide to dial-up access and use / |
| Statement of responsibility, etc | Mary E. Engle ... [et al.]. |
| 260 ## - PUBLICATION INFORMATION | |
| Place of publication | Chicago : |
| Name of publisher | American Library Association, |
| Year of publication | 1993. |
| 300 ## - DESCRIPTION | |
| Number of Pages | x, 166 p. : |
| Other physical details | ill. ; |
| Dimensions | 26 cm. |
| 440 #0 - SERIES | |
| SERIES | LITA monographs ; |
| 500 ## - NOTES | |
| General note | Includes index |
| 505 ## - FORMATTED CONTENTS NOTE | |
| Table of Content | About the Internet --<br/>How to get dial-up access --<br/>Internet service providers offering dial-up access --<br/>Networking tools and software applications --<br/>Directories of resources on the Internet --<br/>Internet organizations. |
| 650 #0 - SUBJECTS | |
| Topical Term | Internet |
| 650 #0 - SUBJECTS | |
| Topical Term | Library information networks |
| 942 ## - ADDED ENTRY ELEMENTS (KOHA) | |
| Koha item type | Books |
| Withdrawn status | Lost status | Collection code | Home library | Current library | Shelving location | Date acquired | Full call number | Accession Number | Koha item type |
|---|---|---|---|---|---|---|---|---|---|
| Reference | Methodist University Library Main | Methodist University Library Main | General Stacks | Z674.82.I59 .In8 | 38036 | Books |